The strategy of cash (Record no. 58595)

MARC details
000 -LEADER
fixed length control field 00542nam a2200145 a 4500
008 - FIXED-LENGTH DATA ELEMENTS--GENERAL INFORMATION
fixed length control field 120416s1974 ||||||||||||||||| || u
050 ## - LIBRARY OF CONGRESS CALL NUMBER
Classification number HG 4028.C45 Sla
100 ## - MAIN ENTRY--PERSONAL NAME
Personal name Slater, S. D
245 14 - TITLE STATEMENT
Title The strategy of cash
246 ## - VARYING FORM OF TITLE
Title proper/short title a liquidity approach to maximizing the company's profits
260 ## - PUBLICATION, DISTRIBUTION, ETC.
Place of publication, distribution, etc. New York
Name of publisher, distributor, etc. John Wiley and Sons
Date of publication, distribution, etc. 1974
300 ## - PHYSICAL DESCRIPTION
Extent xvii, 392p.
350 ## - PRICE (NR) (BK AM CF MU VM SE) [OBSOLETE]
Price 0.00
995 ## - RECOMMENDATION 995 [LOCAL, UNIMARC FRANCE]
-- 0.00
-- CBU-MAIN LIBRARY (Kitwe)
-- 1
-- 0.00
-- AVAILABLE
-- Annex Low-Usage Collection
Holdings
Withdrawn status Lost status Source of classification or shelving scheme Damaged status Not for loan Home library Current library Shelving location Date acquired Total Checkouts Full call number Barcode Date last seen Price effective from Koha item type
          CBU-MAIN LIBRARY, KITWE. CBU-MAIN LIBRARY, KITWE.   11/30/2022   HG 4028.C45 Sla 007502 11/30/2022 11/30/2022 MONOGRAPH